000
00299nam a22001337a 4500
008
170715b xxu||||| |||| 00| 0 eng d
020
_a
9780321047069
041
_a
eng
080
_2
10TH
_a
572
100
_a
24
101
_a
ANT
245
_a
CONFORMITY AND CONFLICT
_c
SPRADLEY,J
942
_2
udc
_c
BK
999
_c
21138
_d
21138